Statistics for Jak dobrze znasz członków Husarii oraz ich znajomych?

Click here to take the quiz!

General Stats

  • This quiz has been taken 3 times
  • The average score is 17 of 28

Answer Stats

WskazówkaOdpowiedź% Correct
Gripex. Gra duo ze swoim kuzynem który go boostuje. Autor Kindred 0-19 oraz Vladimir 0-10Camper
100%
Szmula. Lubi się obrażać z Rafałem. Posiada kota PusieMaciekKna
100%
Znajomy Dominiki . Mega cicha myszka . Main RakanaNares
100%
Lubi się przebierać za jednorożca. Main Nami . Posiada chłopaka o imieniu Maciek. Nazywana przez Siebastiana CyckiemNazzuna
100%
Przegrał trzy razy z rzędu na ekipę HusariiPiskul
100%
Słodziak . Posiada najwięcej skinów w Ekipie . Lubi grać różową kulkąSEq
100%
Najmłodszy w Ekipie Husarii. Main Dariusa oraz Kleda.Supcio
100%
Jeden z adminów TeamSpeak. Ma konflikt z Kozą . Wstawił mu Perma.Welsson
100%
Nazywany dziadkiem . Uważa się za Boga gry . Jego najlepszym przyjacielem jest Sebastianx4getme
100%
Przyjaciółka Kozy , nazywana jest przez niego Pandzią, diamencikEtila
67%
Największy Maniak Lola. Posiada najwyższy lvl ze wszystkich znajomych HusariiFizzak
67%
Wielbiciel Motoryzacji , Pokemon , Main Riven , Yasuo oraz VayneSparrow
67%
Posiada konflikt z Forgetem .W jego nicku znajduje się Płaz.ŻabaRogata
67%
Najsłabszy Gracz poznany przez ekipę Husarii. Main Udyra . Posiada w nicku aniołaArkangel
33%
Main wszystkiego . Jeden z adminów TeamSpeak. Lubi grać dziwnymi pickamiByku
33%
Lowelas. Zazwyczaj gra duo z Danielem ale nie posiada za dobrych umiejętnościDekadaxxx
33%
Wiecznie Zjarany . Main PoppyFalcon
33%
Koleżanka Rafała posiadająca konflikt z ForgetemFizia
33%
Zazwyczaj gra w nocy bo w dzień pracuje . Nazywany przez Kozę Grubaskiem. Jest niby władcą ale jego playsy o tym nie świadczą. Main Morgany.Gromowładca
33%
Pantofel . Poznał dziewczynę przez internet . Nazywana przez niego królową. Jego nick to jeden ze stanów USAHawajowy
33%
Nazywany przez niektórych Emo . Znienawidzony przez Forgeta oraz Maćka. Członek ekipy DominikiKatsu
33%
Miłośnik tureckiej kuchni , Main Lissandry, Kayle oraz Diany.Kebab
33%
Mega cicha dziewczyna . Członkini HusariiMaiwarudo
33%
Platynka . Kolega Kingii . Poznał Husarię właśnie przez nią . Aktulnie już nie gra z ekipą. Posiada w nicku cyfry 450Niko450
33%
Pracownik McDonalda.Dobry znajomy Kozy . Main Jhinna .Onez
33%
Blondynka lubiąca dużo krzyczeć . Platynka . Niebieska . Lubi się dużo wypowiadać na temat grySmerfetq
33%
Nauczycielka Angielskiego. Nazywana przez Kozę Kosmitką. Main Lissandry oraz Ahri.SoftFever
33%
Nazywana jest Noskiem . Blondynka . Pani fotografWhiteNoise
33%

Score Distribution

Percentile by Number Answered

Percent of People with Each Score

Your Score History

You have not taken this quiz